Kıbrıs Türk romanı eserler sözlüğü (Record no. 8224)

MARC details
000 -BAŞLIK
Sabit Uzunlukta Kontrol Alanı 00663na a2200229 4500
001 - KONTROL NUMARASI
Denetim Alanı 23187
003 - KONTROL NUMARASI IDENTIFIER
Denetim Alanı MIRAKIL
005 - SON İŞLEM TARİHİ VE ZAMANI
Denetim Alanı 20181213155204.0
008 - SABİT-BOY VERİ ELEMANLARI - GENEL BİLGİLER
Sabit Uzunlukta Kontrol Alanı 170803b tu 000 0
020 ## - ULUSLARARASI STANDART KİTAP NUMARASI
Uluslararası Standart Kitap Numarası 9786059712767
040 ## - KATALOGLAMA KAYNAK
Orijinal Kataloglama Ajansı Milas
Kataloglama Dili tur
Metne Dönüştürmek Ajansı TR-AnCHP
041 ## - DİL KODU
Metin / Ses Parça Veya Ayrı Başlığın Dil Kodu tur
100 ## - ANA GİRİŞ - KİŞİSEL İSİM
Kişisel Ad Aylanç, Mihrican
245 ## - BAŞLIK TABLOSU
Başlık Kıbrıs Türk romanı eserler sözlüğü
Sorumluluk Tablosu, Vb Mihrican Aylanç
260 ## - YAYIN, DAĞITIM, VB
Yayın, Dağıtım, Vb Yeri Ankara
Yayıncı, Dağıtıcı, Vs Adı Uluslararası Kıbrıs Üniversitesi yayınları
Yayın, Dağıtım, Vb Tarihi 2017
300 ## - FİZİKSEL TANIM
Kapsam 277 s.
440 ## - SERİSİ TABLOSU / KATMA GİRİŞİ - BAŞLIK
Başlık Uluslararası Kıbrıs Üniversitesi yayınları
Hacim / Ardışık Tanımı 8
500 ## - GENEL NOT
Genel Not GEÇİCİ KATALOG KAYDIDIR.
504 ## - KAYNAKÇA VB NOT
Kaynakça Vb Notu Kaynakça var.
942 ## - EKLENDİ GİRİŞ ELEMANLARI (KOHA)
Sınıflandırma Veya Raf Düzeni Kaynak Dewey Decimal Classification
Koha Öğesi Türü Books
999 ## - SİSTEM KONTROL NUMARALARI (KOHA)
Koha Biblionumber 8224
Koha Biblioitemnumber 8224
Holdings
Kalıcı Konum Mevcut Konum Edinme Tarihi Edinim Kaynak Toplam Check-Out'Lar Barkod Tarih Son Görülme İtibaren Geçerli Fiyatlar Koha Öğesi Türü
CHP Kütüphanesi CHP Kütüphanesi 08/03/2017 Bağış   017166 08/03/2017 08/03/2017 Books